000
00335nam a2200145Ia 4500
008
150301s2014 xx 000 0 und d
082
_a
611
_b
R14W
100
_a
WAUGH, ANNE
245
_a
ROSS AND WILSON ANATOMY & PHYSIOLOGY
250
_a
12TH
260
_b
ELSEVER
_c
2014
300
_a
509
650
_a
ANATOMY
942
_2
ddc
_c
BK
_0
8
999
_c
6873
_d
6873